Quickbooks Version 5.0 for Windows / (Record no. 175862)
[ view plain ]
| 000 -LEADER | |
|---|---|
| fixed length control field | 00609 a2200157 4500 |
| 003 - CONTROL NUMBER IDENTIFIER | |
| control field | Nust |
| 005 - DATE AND TIME OF LATEST TRANSACTION | |
| control field | 20230526084948.0 |
| 040 ## - CATALOGING SOURCE | |
| Transcribing agency | Nust |
| 082 ## - DEWEY DECIMAL CLASSIFICATION NUMBER | |
| Classification number | 004,QUI |
| 245 ## - TITLE STATEMENT | |
| Title | Quickbooks Version 5.0 for Windows / |
| 260 ## - PUBLICATION, DISTRIBUTION, ETC. | |
| Place of publication, distribution, etc. | New York |
| Name of publisher, distributor, etc. | Intuit |
| Date of publication, distribution, etc. | 1997 |
| 505 ## - FORMATTED CONTENTS NOTE | |
| Formatted contents note | Overview of QuickBooks (Page-3), Working with lists (Page-31), Your Chart of Accounts (Page-55), Items-your Products and Services (Page-77), Forms (Page-109), Accounts Registers (Page-149), General Printing Information (Page-161), Saving Time (Page-173). |
| 650 ## - SUBJECT ADDED ENTRY--TOPICAL TERM | |
| Topical term or geographic name entry element | Computer-Software |
| 9 (RLIN) | 1229 |
| 710 ## - ADDED ENTRY--CORPORATE NAME | |
| Corporate name or jurisdiction name as entry element | Intuit |
| 9 (RLIN) | 112648 |
| 942 ## - ADDED ENTRY ELEMENTS (KOHA) | |
| Koha item type | Book Bank |
| Source of classification or shelving scheme | |
| Withdrawn status | Lost status | Source of classification or shelving scheme | Damaged status | Not for loan | Permanent Location | Current Location | Shelving location | Date acquired | Full call number | Barcode | Date last seen | Price effective from | Koha item type | Public note |
|---|---|---|---|---|---|---|---|---|---|---|---|---|---|---|
| Military College of Signals (MCS) | Military College of Signals (MCS) | General Stacks | 12/12/2016 | 004,QUI | MCS26463 | 12/08/2016 | 12/12/2016 | Book | Almirah No.79, Shelf No.2 |
